Kraje z ludnością ponad 100 milionów - nagła śmierć - Statystyki

Ogólne statystyki
  • Ten quiz został rozwiązany 151 razy
  • Średni wynik to 11 z 16
Answers on the Grid
Answers color-coded by a green-red scale on the quiz's grid according to % correct below.
Afganistan
Argentyna
Bangladesz
Brazylia
Chiny
Demokratyczna Republika Konga
Egipt
Etiopia
Filipiny
Indie
Indonezja
Iran
Japonia
Meksyk
Niemcy
Nigeria
Pakistan
Polska
Rosja
RPA
Stany Zjednoczone
Turcja
Wielka Brytania
Wietnam
 
Statystyki odpowiedzi
Odpowiedź % Poprawnych
Chiny
92%
Brazylia
87%
Stany Zjednoczone
87%
Rosja
80%
Indie
79%
Bangladesz
71%
Japonia
69%
Meksyk
69%
Indonezja
68%
Demokratyczna Republika Konga
65%
Pakistan
61%
Filipiny
60%
Egipt
58%
Nigeria
58%
Etiopia
52%
Wietnam
48%
Nie znaleziono quizów pasujących do podanych kryteriów
Rozkład punktacji
Procent ludzi z każdym wynikiem
Percentyl według liczby udzielonych odpowiedzi
Twoja historia wyników
Nie rozwiązałeś tego quizu